Statistics for Stages of Grief

Click here to take the quiz!

General Stats

  • This quiz has been taken 17 times
  • The average score is 4 of 5

Answer Stats

Stage% Correct
1Denial
100%
2Anger
93%
5Acceptance
86%
3Bargaining
71%
4Depression
57%

Score Distribution

Percentile by Number Answered

Percent of People with Each Score

Your Score History

You have not taken this quiz